Normal view MARC view

Entry Meeting Name

Number of records used in: 1

001 - CONTROL NUMBER

  • control field: 20441

003 - CONTROL NUMBER IDENTIFIER

  • control field: OSt

005 - DATE AND TIME OF LATEST TRANSACTION

  • control field: 20211105134505.0

008 - FIXED-LENGTH DATA ELEMENTS

  • fixed length control field: 211105|| aca||aabn | a|a d

040 ## - CATALOGING SOURCE

  • Original cataloging agency: OSt
  • Transcribing agency: OSt

111 ## - HEADING--MEETING NAME

  • Meeting name or jurisdiction name as entry element: SLAC Summer institute on pticle Physics on Lepton-Hadron Scattering
  • Number of part/section/meeting: 19th
  • Location of meeting: California
  • Date of meeting or treaty signing: 1994 Aug. 5-16

670 ## - SOURCE DATA FOUND

  • Source citation: Work cat.: (OSt): SLAC Summer institute on pticle Physics on Lepton-Hadron Scattering 19th California 1994 Aug. 5-16, Lepton-Hadron scattering, 1992

Powered by Koha